Building on soft soils: design and construction of earthstructures both on and into highly compressible subsoils of low bearing capacity
Salvato in:
| Enti autori: | , |
|---|---|
| Natura: | Libro |
| Lingua: | inglese |
| Pubblicazione: |
Rotterdam
A.A. Balkema
1996
|
| Soggetti: | |
| Tags: |
Aggiungi Tag
Nessun Tag, puoi essere il primo ad aggiungerne!!
|
MARC
| LEADER | 00000nam a2200000 a 4500 | ||
|---|---|---|---|
| 001 | UCL4081 | ||
| 003 | CL-VaPUC | ||
| 008 | 031219e19960000NE |||||||||||||||||eng|d | ||
| 020 | |a 9054101466 | ||
| 082 | 0 | 4 | |a 620.0042 |b CEN |2 21 |
| 110 | 2 | |a Centre for Civil Engineering Research and Codes |e author |9 481589 | |
| 710 | 2 | |a CUR |e author |9 481590 | |
| 245 | 1 | 0 | |a Building on soft soils: design and construction of earthstructures both on and into highly compressible subsoils of low bearing capacity |
| 300 | |a 396 p | ||
| 942 | |c BK | ||
| 945 | |d 20031219 00:00:00 |a cmena | ||
| 260 | |a Rotterdam |b A.A. Balkema |c 1996 | ||
| 650 | 0 | |a Diseño en ingeniería |9 262406 | |
| 650 | 0 | |a Diseño de estructuras |9 260345 | |
| 650 | 7 | |a INGENIERIA GEOLOGICA |2 CL-VaPUC |9 361301 | |
| 650 | 0 | |a Mecánica de suelos |9 260278 | |
| 583 | |a last modification |c 20031219 00:00:00 |k Rodrigo Vera | ||
| 999 | |c 307027 |d 307025 | ||
| 952 | |0 0 |1 0 |4 0 |6 620_004200000000000_CEN_1996 |7 0 |8 A |9 372493 |a BIBING |b BIBING |d 2019-11-21 |i 3977323 |o 620.0042 CEN 1996 |p 3977323 |r 2025-01-20 |w 2019-11-21 |y BK |k CCL | ||